| 000 | 01446nab a2200241 i 4500 | ||
|---|---|---|---|
| 001 | 768714001 | ||
| 003 | CO-MdFUSB | ||
| 005 | 20240618141642.0 | ||
| 008 | 240618t1990 us ||||| |||| 00| 0 eng d | ||
| 040 |
_bspa _cCO-MdFUSB _dCO-MdFUSB |
||
| 041 | _aeng | ||
| 100 |
_aSchreiter, Robert J., _eautor |
||
| 245 |
_aMission into the third millenium _c/ Robert J. Schreiter |
||
| 520 | _aNadie puede predecir del todo qué dirección tomará el futuro de la misión. Pero hay una serie de cambios fundamentales que ya han comenzado –tanto en el contexto como en la conducción de la misión– que sugieren algunos cambios significativos que podemos anticipar en las próximas décadas. Este artículo investiga tres áreas donde se están produciendo estos cambios fundamentales: (1) quiénes serán los misioneros y de dónde vendrán; (2) los entornos económicos y sociopolíticos en los que se llevará a cabo la misión; (3) factores que surgen de los cambios antes mencionados y que alterarán la autocomprensión de los misioneros. | ||
| 546 | _aTexto en inglés. | ||
| 650 | 0 |
_aMisiones _9154 |
|
| 650 | 7 |
_aMisioneros _9931 |
|
| 650 | 7 |
_aAntropología cultural y social _96714 |
|
| 650 | 7 |
_aPsicoanálisis y religión _97187 |
|
| 773 | 0 |
_049486 _982779 _d Pasadena _oR2654 _tMissiology: _w(CO-MdFUSB)97 _gVolumen 18, (número 1, 1990) páginas: 3 - 12 _qpágina: 3 |
|
| 942 | _cANA | ||
| 945 | _aCatherine Arias Álvarez - Practicante SENA | ||
| 999 |
_c70257 _d70257 |
||